Aplikácia rodovo-citlivého rozpočtovania na vybranú miestnu samosprávu diplomová práca

Uložené v:
Podrobná bibliografia
Hlavný autor: Mikulajová, Kristína
Korporativný autor: Národohospodárska fakulta EU. Katedra financií
Ďalší autori: Kováč Gerulová, Lukrécia, 1978-
Médium: Kniha
Jazyk:Slovak
Vydavateľské údaje: Bratislava 2025
Tagy: Pridať tag
Žiadne tagy, Buďte prvý, kto otaguje tento záznam!

MARC

LEADER 00000nbm a2200000 4500
001 0309345
005 20251016124404.7
041 0 |a slo 
044 |a SK 
245 1 0 |a Aplikácia rodovo-citlivého rozpočtovania na vybranú miestnu samosprávu  |b diplomová práca  |c Kristína Mikulajová ; školiteľ: Lukrécia Kováč Gerulová 
264 1 |a Bratislava  |c 2025 
300 |a 79 s. 
100 1 |a Mikulajová, Kristína 
700 1 |a Kováč Gerulová, Lukrécia, 1978- 
710 2 |a Národohospodárska fakulta EU. Katedra financií